000 00278nam a2200121Ia 4500
008 190216s9999||||xx |||||||||||||| ||und||
100 _aChangampuzha
245 0 _aSwararagasudha
260 _bPoorna Pubs Kozhikode
_c1982
300 _a69p
650 _aKavithakal
942 _cBK
999 _c25495
_d25495